| 000 | 00866nam a2200277 4500 | ||
|---|---|---|---|
| 001 | 2271 | ||
| 010 | _a9789729887550 | ||
| 021 |
_aPT _b299899/09 |
||
| 035 | _a(bn)1798469 | ||
| 090 | _a2271 | ||
| 100 | _a20111223d2009 m a0pory5003 ba | ||
| 105 | _ay z 000zy | ||
| 106 | _ar | ||
| 200 | 1 |
_aIde, anunciai o evangelho, curai os doentes, expulsai os demónios _fAlfredo Neres _gpref. Mário Pinto _gapres. da ed. em francês Shimba Gilbert |
|
| 210 |
_aLisboa _cPneuma, _d2009 |
||
| 215 |
_a182 p. _d21 cm |
||
| 600 | _aAlfredo Neres | ||
| 601 | _aPneuma, | ||
| 675 |
_a133.2 _vBN _zpor |
||
| 675 |
_a27-145.55 _vBN _zpor |
||
| 700 | 1 |
_aNeres, _bAlfredo, _f1939- |
|
| 702 | 1 |
_aPinto, _bMário, _f1951- _4080 |
|
| 702 | 1 |
_aGilbert, _bShimba _4450 |
|
| 801 | 0 |
_aPT _bBN _gRPC |
|
| 856 | 4 | 1 | _uhttp://rnod.bn.pt/ImagesBN/winlibimg.aspx?skey=&doc=1798469&img=16588&save=true |
| 942 | _cBK | ||